000 00549nam a2200229Ia 4500
003 OSt
005 20220924142309.0
006 a|||||r|||| 00| 0
007 ta
008 220923b |||||||| |||| 00| 0 ben d
024 _a301336
037 _cTextual
040 _aARTS
_cARTS
_bben
041 _2ben
_aben
082 _aV262:1:N4, 157H2
100 _aGhosh
_9104906
245 0 _aCongress o bangla
260 _c1942
650 _aHISTORY
942 _hV262:1:N4, 157H2
_cTEXL
_2CC
999 _c450186
_d450186